| 000 | 01173nam a2200229 a 4500 | ||
|---|---|---|---|
| 001 | 000144950 | ||
| 003 | AM-YEHGA | ||
| 005 | 20250617122959.0 | ||
| 008 | 030329s1904 ru ||||gr|||||||||1|rus|d | ||
| 040 | _aAM-YeHGA | ||
| 041 | 0 | _arus | |
| 100 | 1 |
_aՊատկանյան, Ռափայել Գաբրիելի, _d1830-1892 |
|
| 245 | 1 | 0 |
_aПевец гражданской скорби : _bИзбранныя стихотворения Рафаэля Патканьяна / _cВступ. статья Аракела Дервиш; В пер.: Ив. Белоусова, Ю. Веселовскаго, Г. Галиной и др.; С портр. Патканьяна и снимком с его надгробнаго памятника. |
| 260 |
_aМосква : _bТ-во "Печатня С.П.Яковлева", _c1904. |
||
| 300 |
_a88 с., 2 вкл. л. ил. : _bпортр. |
||
| 650 | 1 | 4 |
_aХудожественная литература _xПоэзия |
| 650 | 1 | 4 | _aՀայ պոեզիա |
| 700 | 0 |
_aАракел Дервиш _eвступ. ст. _4aui |
|
| 700 | 1 |
_aВеселовский, Юрий Алексеевич _eпер. _4trl |
|
| 942 |
_2udc _cBK |
||
| 090 | _c49714 | ||
| 999 |
_c48948 _d48948 |
||